=LDR 00000nam 2200000 4500 =001 INLIS000000000031877 =005 20130612133924 =008 ***********************************ind** =035 ##$$0010-061300000031877 =041 ##$$a ind =082 ##$$a 372.3 =090 ##$$a 372.3, Dha e =100 ##$$a Dharma, Lala Herawati =245 ##$$a Ensiklopedi Proyek Festifal Sains Dasar I, Energi yang Membara, Lala Herawati Dahrma;Editor,Agus Salim =260 ##$$a 2008 $b Bandung =300 ##$$a 80 hlm, ilus, 25 cm =650 ##$$a Pendidikan Dasar - Energi =850 ##$$a NBPNMAT